000 00418nam a2200169Ia 4500
008 230524s9999 xx 000 0 und d
082 _a621.38
_bSON
100 _aM.L.Soni
245 2 _aA Course in Electrical Circuit Analysis
250 _a20TH
260 _aNEW DELHI
_bDhanpat Rai
_c2004
300 _aVIII;264
500 _aQuantity Number: 97
650 _aElectrical
700 _a J.C.Gupta
942 _cBK
999 _c32337
_d32337